000
00188nam a2200073Ia 4500
008
170817s9999 xx 000 0 und d
100
_a
SHARMA R.A.
245
0
_a
NIRDASAN AVAM PRAMARS KE MUL TATAV
260
_b
R. LALL B. D.
999
_c
37422
_d
37422